[Event "GBR-ch108 Senior 50+"]
[Site "Torquay"]
[Date "2022.08.09"]
[Round "2.9"]
[White "Wilson, Edgar"]
[Black "Frostick, Clive A"]
[Result "1/2-1/2"]
[WhiteElo "1854"]
[BlackElo "2137"]
[PlyCount "124"]
[EventDate "2022.08.08"]
[EventType "swiss"]
[EventRounds "7"]
[EventCountry "GBR"]

1. e4 c5 2. Nf3 e6 3. d4 cxd4 4. Nxd4 Nf6 5. Nc3 Nc6 6. Ndb5 Bb4 7. a3 Bxc3+ 8.
Nxc3 d5 9. exd5 exd5 10. Bd3 O-O 11. O-O d4 12. Ne2 Bg4 13. f3 Bh5 14. Bg5 Qd6
15. Qd2 Bg6 16. Rad1 Rad8 17. Bh4 Rfe8 18. Bxg6 hxg6 19. Bf2 Qe6 20. Nxd4 Qc4
21. b3 Qa6 22. Qc1 Rc8 23. Rfe1 Rxe1+ 24. Rxe1 Nxd4 25. Bxd4 Qc6 26. Re2 b6 27.
Qe1 Qd6 28. Bb2 Qd5 29. c4 Qd3 30. Re3 Qc2 31. Qc3 Qf5 32. h3 Rd8 33. Qe5 Rd1+
34. Kh2 Qb1 35. Qb8+ Kh7 36. Bxf6 Rh1+ 37. Kg3 Qg1 38. Re8 Qh2+ 39. Kg4 Qxg2+
40. Qg3 Rg1 41. Qxg2 Rxg2+ 42. Kf4 gxf6 43. Re7 Kg7 44. Rxa7 g5+ 45. Ke4 Re2+
46. Kd4 Rf2 47. Rb7 Rxf3 48. Rxb6 f5 49. c5 g4 50. hxg4 fxg4 51. Ke5 g3 52. Rb4
Re3+ 53. Kd5 Rd3+ 54. Kc6 f5 55. Rb7+ Kf6 56. Rb8 f4 57. Rg8 Rxb3 58. a4 Ke5
59. a5 Ra3 60. Kb6 Rb3+ 61. Kc6 Ra3 62. Kb6 Rb3+ 1/2-1/2

[Event "GBR-ch108 Senior 50+"]
[Site "Torquay"]
[Date "2022.08.09"]
[Round "2.10"]
[White "Willmoth, Robert F"]
[Black "Shepley, Julien M"]
[Result "1-0"]
[WhiteElo "2117"]
[BlackElo "1857"]
[PlyCount "123"]
[EventDate "2022.08.08"]
[EventType "swiss"]
[EventRounds "7"]
[EventCountry "GBR"]

1. d4 d5 2. c4 e6 3. Nf3 c5 4. cxd5 exd5 5. g3 Nc6 6. Nc3 Nf6 7. Bg2 cxd4 8.
Nxd4 Bc5 9. Nxc6 bxc6 10. O-O O-O 11. Na4 Be7 12. Be3 Be6 13. Rc1 Qd7 14. Bc5
Rfc8 15. Qd4 Bxc5 16. Nxc5 Qe7 17. Rc3 Rab8 18. b3 a5 19. Rfc1 Bf5 20. e3 Rb4
21. Qd2 h5 22. a3 Rbb8 23. Qd4 Ne4 24. Nxe4 dxe4 25. Qc5 Qxc5 26. Rxc5 g6 27.
R1c3 Rd8 28. h3 Rd1+ 29. Kh2 Rd2 30. Rxa5 Rxf2 31. g4 hxg4 32. hxg4 Be6 33. Kg3
Rb2 34. b4 Bd5 35. Bf1 Re8 36. Bc4 Bxc4 37. Rxc4 Re2 38. Rc3 Re6 39. g5 Kg7 40.
Rac5 Kf8 41. a4 Rb2 42. R5c4 Re5 43. Rc2 Rb1 44. Kf4 Rf5+ 45. Kxe4 Rxg5 46. Kd3
Rg3 47. a5 Rd1+ 48. Ke2 Rb1 49. a6 Ra1 50. Rxc6 Ra3 51. R2c3 Ra2+ 52. Kd3 Rg1
53. b5 Rd1+ 54. Kc4 Rb1 55. Kc5 Ke7 56. Rc7+ Ke6 57. Kb6 Kf6 58. e4 Rab2 59.
R3c6+ Kg7 60. Rc5 Kf6 61. a7 Ra2 62. Kb7 1-0

[Event "GBR-ch108 Senior 50+"]
[Site "Torquay"]
[Date "2022.08.09"]
[Round "2.13"]
[White "Dilleigh, Stephen P"]
[Black "Miller, George I"]
[Result "1-0"]
[WhiteElo "2040"]
[BlackElo "1768"]
[PlyCount "83"]
[EventDate "2022.08.08"]
[EventType "swiss"]
[EventRounds "7"]
[EventCountry "GBR"]

1. Nf3 d5 2. d4 c5 3. c4 e6 4. cxd5 exd5 5. g3 Nc6 6. Bg2 Nf6 7. O-O cxd4 8.
Nxd4 Bc5 9. Nb3 Bb6 10. Nc3 d4 11. Na4 O-O 12. Bg5 Bc7 13. Bxc6 bxc6 14. Qxd4
Qxd4 15. Nxd4 Ne4 16. Be3 c5 17. Nb5 Be5 18. Nxc5 Nxc5 19. Bxc5 Rd8 20. Rfd1
Ba6 21. a4 Bxb2 22. Rab1 Bf6 23. Rxd8+ Rxd8 24. Bxa7 h5 25. e3 Rd2 26. Bd4 Bxb5
27. axb5 Bxd4 28. exd4 Rxd4 29. b6 Rd8 30. b7 Rb8 31. Kg2 Kf8 32. Kf3 Ke7 33.
Kf4 Kd6 34. Kg5 Kc7 35. Kxh5 Rh8+ 36. Kg5 Kb8 37. h4 Rh6 38. h5 Ra6 39. f4 Ra5+
40. Kh4 Ra4 41. Re1 f6 42. Re7 1-0

[Event "GBR-ch108 Senior 50+"]
[Site "Torquay"]
[Date "2022.08.09"]
[Round "2.14"]
[White "Brown, Alan M"]
[Black "Patrick, David A"]
[Result "1/2-1/2"]
[WhiteElo "2013"]
[BlackElo "1803"]
[PlyCount "66"]
[EventDate "2022.08.08"]
[EventType "swiss"]
[EventRounds "7"]
[EventCountry "GBR"]

1. d4 d5 2. c4 c6 3. Nf3 Nf6 4. cxd5 cxd5 5. Nc3 Nc6 6. Bf4 a6 7. e3 e6 8. Be2
Be7 9. O-O O-O 10. Rc1 Nh5 11. Bg3 Nxg3 12. hxg3 Bd7 13. Bd3 f5 14. Nd2 b5 15.
Nb3 Na5 16. Nxa5 Qxa5 17. a3 Rfc8 18. Qb3 b4 19. axb4 Qxb4 20. Qxb4 Bxb4 21.
Na2 Bd6 22. Rc3 Rcb8 23. Rb1 Rb6 24. b4 a5 25. bxa5 Rxb1+ 26. Bxb1 Rxa5 27. Rb3
Rb5 28. Rxb5 Bxb5 29. f4 Bc4 30. Nc3 Kf7 31. Kf2 h6 32. Bc2 g5 33. Bd1 g4
1/2-1/2

[Event "GBR-ch108 Senior 50+"]
[Site "Torquay"]
[Date "2022.08.09"]
[Round "2.16"]
[White "Handley, Michael R"]
[Black "Kenning, Paul H"]
[Result "1-0"]
[WhiteElo "1975"]
[BlackElo "1772"]
[PlyCount "89"]
[EventDate "2022.08.08"]
[EventType "swiss"]
[EventRounds "7"]
[EventCountry "GBR"]

1. d4 d5 2. c4 Nc6 3. Nf3 Bg4 4. cxd5 Bxf3 5. gxf3 Qxd5 6. e3 e5 7. Nc3 Bb4 8.
a3 Bxc3+ 9. bxc3 Qd6 10. Rb1 O-O-O 11. Qb3 b6 12. a4 Nf6 13. Ba3 Qd5 14. Qxd5
Nxd5 15. Kd2 Nf6 16. Bb5 Kb7 17. Rhg1 Rhg8 18. Rg5 exd4 19. cxd4 Rd5 20. Rbg1
Rxg5 21. Rxg5 Na5 22. Be7 c6 23. Bxf6 cxb5 24. axb5 g6 25. Rd5 Rc8 26. Rd7+ Rc7
27. Rxc7+ Kxc7 28. Kc3 Kd7 29. Be5 Ke6 30. Bb8 Kd7 31. e4 f6 32. Bg3 Nb7 33.
Kc4 Nd8 34. Bh4 g5 35. Bg3 Ne6 36. Kd5 h6 37. Bb8 h5 38. Bg3 h4 39. Bb8 Nd8 40.
f4 g4 41. f5 h3 42. e5 fxe5 43. dxe5 Nb7 44. e6+ Ke8 45. f6 1-0

[Event "GBR-ch108 Senior 50+"]
[Site "Torquay"]
[Date "2022.08.09"]
[Round "2.17"]
[White "Reuben, Stewart"]
[Black "Winter, Kevin"]
[Result "1/2-1/2"]
[WhiteElo "1946"]
[BlackElo "1689"]
[PlyCount "66"]
[EventDate "2022.08.08"]
[EventType "swiss"]
[EventRounds "7"]
[EventCountry "GBR"]

1. d4 g6 2. c4 Bg7 3. Nc3 d6 4. g3 Nf6 5. Bg2 O-O 6. e4 Nbd7 7. Nge2 e5 8. d5
a5 9. O-O Nc5 10. f3 Ne8 11. Be3 f5 12. Qd2 b6 13. b3 Nf6 14. Bg5 Qe8 15. Rab1
Bd7 16. Bh6 Qe7 17. a3 fxe4 18. Bxg7 Qxg7 19. fxe4 Ng4 20. b4 Rxf1+ 21. Rxf1
axb4 22. axb4 Nb3 23. Qd3 Qh6 24. h3 Ne3 25. Rb1 Nxg2 26. Rxb3 Ne1 27. Qd1 Nf3+
28. Kf2 Rf8 29. Ng1 Nd4+ 30. Kg2 Nxb3 31. Qxb3 Qe3 32. Qc2 Kg7 33. Nd1 Qh6
1/2-1/2

[Event "GBR-ch108 Senior 50+"]
[Site "Torquay"]
[Date "2022.08.09"]
[Round "2.18"]
[White "Wilson, Matthew R"]
[Black "Littlejohns, David P"]
[Result "0-1"]
[WhiteElo "1743"]
[BlackElo "1943"]
[PlyCount "100"]
[EventDate "2022.08.08"]
[EventType "swiss"]
[EventRounds "7"]
[EventCountry "GBR"]

1. e4 c6 2. d4 d5 3. exd5 cxd5 4. Bd3 Nc6 5. c3 Nf6 6. Bf4 Bg4 7. Qb3 Qd7 8.
Nd2 e6 9. Ngf3 Bxf3 10. Nxf3 a6 11. a4 Be7 12. O-O O-O 13. Rfe1 h6 14. Ne5 Nxe5
15. dxe5 Nh5 16. Be3 Bg5 17. Bd4 g6 18. g3 Ng7 19. f4 Be7 20. g4 Rac8 21. Qc2
Bc5 22. Qf2 Bxd4 23. cxd4 Qe7 24. Kh1 f5 25. Rg1 Kh7 26. Rg2 Rg8 27. Rag1 Rcf8
28. g5 h5 29. Rc1 Rc8 30. Rc5 Rxc5 31. dxc5 Rc8 32. b4 a5 33. bxa5 Rxc5 34. Bb5
Qc7 35. Qd2 Rc1+ 36. Rg1 Rc2 37. Qe3 Qxa5 38. Rc1 Rxc1+ 39. Qxc1 Qb4 40. Qe3 h4
41. Qf2 Qe4+ 42. Kg1 h3 43. Qh4+ Nh5 44. Qxh3 Qxf4 45. Qc3 Qxg5+ 46. Kh1 Nf4
47. Bf1 Qe7 48. a5 g5 49. Qc8 Ng6 50. Qb8 Qg7 0-1

[Event "GBR-ch108 Senior 50+"]
[Site "Torquay"]
[Date "2022.08.09"]
[Round "2.19"]
[White "Stinton-Brownbridge, Michael H"]
[Black "McCarron, Peter DJ"]
[Result "1-0"]
[WhiteElo "1895"]
[BlackElo "1616"]
[PlyCount "51"]
[EventDate "2022.08.08"]
[EventType "swiss"]
[EventRounds "7"]
[EventCountry "GBR"]

1. d4 Nf6 2. c4 e5 3. dxe5 Ng4 4. Nf3 Nc6 5. Bf4 Bb4+ 6. Nbd2 Qe7 7. a3 Ngxe5
8. Nxe5 Nxe5 9. e3 Bxd2+ 10. Qxd2 d6 11. Be2 O-O 12. O-O b6 13. Qc3 Re8 14.
Rac1 Bb7 15. Rfd1 Ng6 16. Bg3 Rad8 17. b4 h6 18. h3 Ba8 19. c5 dxc5 20. bxc5
Bb7 21. Rxd8 Rxd8 22. cxb6 cxb6 23. Qc7 Re8 24. Bd6 Qxc7 25. Rxc7 Rb8 26. Bc4
1-0

[Event "GBR-ch108 Senior 50+"]
[Site "Torquay"]
[Date "2022.08.09"]
[Round "2.20"]
[White "Kalerwa, Edwin M"]
[Black "Mueller, Jens"]
[Result "0-1"]
[WhiteElo "1653"]
[BlackElo "1879"]
[PlyCount "112"]
[EventDate "2022.08.08"]
[EventType "swiss"]
[EventRounds "7"]
[EventCountry "GBR"]

1. d4 g6 2. e4 Bg7 3. Bc4 d6 4. Ne2 Nf6 5. f3 O-O 6. Be3 c6 7. Bb3 b5 8. Nd2
Nbd7 9. O-O a5 10. a4 Nb6 11. c4 b4 12. Rc1 Bb7 13. Bc2 d5 14. e5 Ne8 15. Bd3
Ba6 16. b3 Rc8 17. f4 e6 18. g4 f5 19. Ng3 dxc4 20. Nxc4 Nd5 21. Bd2 c5 22.
gxf5 gxf5 23. Qh5 Ne7 24. Ne2 Bb7 25. Kf2 cxd4 26. Rg1 Ng6 27. Rg3 Rf7 28. Rh3
Nf8 29. Rg1 Be4 30. Rhg3 Rc5 31. Nc1 Qc7 32. Be2 Qe7 33. Nd3 Rd5 34. Ne1 Qd8
35. Nf3 Bxf3 36. Bxf3 Rc5 37. Be2 Ng6 38. Rh3 Nf8 39. Bd3 Qe7 40. Ke2 Qd8 41.
Be1 Rcc7 42. Nxa5 Rc3 43. Bxc3 Qxa5 44. Bxd4 Qd5 45. Ba1 Qxb3 46. Bxf5 Qa2+ 47.
Kf3 exf5 48. e6 Qxe6 49. Rhg3 Qe4+ 50. Kf2 Ng6 51. Bxg7 Nxg7 52. Qg5 Rd7 53.
Rf3 Rd2+ 54. Kg3 Qe2 55. Qh6 b3 56. a5 b2 0-1

[Event "GBR-ch108 Senior 50+"]
[Site "Torquay"]
[Date "2022.08.09"]
[Round "2.22"]
[White "Cresswell, Mike J"]
[Black "Ingham, H William"]
[Result "0-1"]
[WhiteElo "1606"]
[BlackElo "1842"]
[PlyCount "50"]
[EventDate "2022.08.08"]
[EventType "swiss"]
[EventRounds "7"]
[EventCountry "GBR"]

1. e4 d6 2. d4 Nf6 3. Nc3 c6 4. f4 Qa5 5. Qd2 e5 6. Nf3 exd4 7. Nxd4 Be7 8. Nb3
Qc7 9. Be2 O-O 10. O-O Bg4 11. h3 Bxe2 12. Qxe2 Re8 13. f5 Nbd7 14. Bf4 Ne5 15.
Bxe5 dxe5 16. Rad1 Rad8 17. Nc1 Qb6+ 18. Kh2 Qxb2 19. Rf3 Rxd1 20. Qxd1 Rd8 21.
Qf1 Qxc2 22. N1e2 Nxe4 23. Nxe4 Qxe4 24. Ng3 Qc2 25. Nh5 Rd1 0-1

[Event "GBR-ch108 Senior 50+"]
[Site "Torquay"]
[Date "2022.08.10"]
[Round "3.1"]
[White "Motwani, Paul"]
[Black "Dargan, Paul AG"]
[Result "1-0"]
[WhiteElo "2420"]
[BlackElo "2056"]
[PlyCount "57"]
[EventDate "2022.08.08"]
[EventType "swiss"]
[EventRounds "7"]
[EventCountry "GBR"]

1. e4 c5 2. g3 Nc6 3. Bg2 g6 4. Ne2 Bg7 5. O-O d6 6. d3 e6 7. Nbc3 Rb8 8. a3 b5
9. Rb1 Nge7 10. b4 cxb4 11. axb4 a5 12. Na2 d5 13. Bd2 a4 14. exd5 exd5 15.
Nac3 O-O 16. Nf4 d4 17. Ne4 Bb7 18. h4 Ne5 19. h5 h6 20. hxg6 fxg6 21. Ne6 Qd5
22. Nxf8 Kxf8 23. f4 Nf7 24. g4 Qd8 25. f5 gxf5 26. gxf5 Nd5 27. Nc5 Kg8 28. f6
Bxf6 29. Qh5 1-0

[Event "GBR-ch108 Senior 50+"]
[Site "Torquay"]
[Date "2022.08.10"]
[Round "3.2"]
[White "Crocker, Philip J"]
[Black "Townsend, M Paul"]
[Result "1/2-1/2"]
[WhiteElo "2107"]
[BlackElo "2177"]
[PlyCount "45"]
[EventDate "2022.08.08"]
[EventType "swiss"]
[EventRounds "7"]
[EventCountry "GBR"]

1. d4 e6 2. c4 Nf6 3. g3 d5 4. Nf3 Be7 5. Bg2 O-O 6. O-O c6 7. Qc2 b6 8. Nbd2
Bb7 9. e4 Na6 10. a3 c5 11. exd5 exd5 12. dxc5 Nxc5 13. b4 Ne6 14. Bb2 dxc4 15.
Nxc4 Rc8 16. Qe2 Qd5 17. Nce5 Qb3 18. Rac1 Rfd8 19. Rxc8 Rxc8 20. Rc1 Rxc1+ 21.
Bxc1 a5 22. bxa5 bxa5 23. Qd3 1/2-1/2

[Event "GBR-ch108 Senior 50+"]
[Site "Torquay"]
[Date "2022.08.10"]
[Round "3.3"]
[White "Knight, Simon C"]
[Black "Willmoth, Robert F"]
[Result "0-1"]
[WhiteElo "2090"]
[BlackElo "2117"]
[PlyCount "74"]
[EventDate "2022.08.08"]
[EventType "swiss"]
[EventRounds "7"]
[EventCountry "GBR"]

1. d4 d5 2. c4 e6 3. Nf3 Nf6 4. g3 dxc4 5. Qc2 b5 6. a4 c6 7. Bg2 Bb7 8. O-O
Nbd7 9. Bf4 Be7 10. Ne5 Nd5 11. Nc3 f6 12. Nxd5 cxd5 13. Nxd7 Qxd7 14. axb5
Qxb5 15. Bh3 Qb6 16. Bd2 Kf7 17. e3 Bc6 18. Bc3 g6 19. Ra2 a5 20. f4 Rhb8 21.
Qd2 Bb4 22. Qf2 f5 23. g4 Bxc3 24. bxc3 Qd8 25. g5 Rb3 26. Rfa1 a4 27. Qh4 Kg8
28. Qe1 Qa5 29. Rc1 Rab8 30. Bf1 Rb2 31. Ra3 R8b3 32. Rxb3 Rxb3 33. e4 fxe4 34.
h4 a3 35. h5 a2 36. hxg6 hxg6 37. Bh3 Bd7 0-1

[Event "GBR-ch108 Senior 50+"]
[Site "Torquay"]
[Date "2022.08.10"]
[Round "3.4"]
[White "Duncan, Chris R"]
[Black "Dilleigh, Stephen P"]
[Result "1/2-1/2"]
[WhiteElo "2178"]
[BlackElo "2040"]
[PlyCount "61"]
[EventDate "2022.08.08"]
[EventType "swiss"]
[EventRounds "7"]
[EventCountry "GBR"]

1. c4 e6 2. g3 d5 3. Bg2 Nf6 4. Nf3 dxc4 5. Qa4+ Nbd7 6. Qxc4 c5 7. O-O b6 8.
d4 Bb7 9. Rd1 Rc8 10. Nc3 cxd4 11. Qxd4 Bc5 12. Qa4 Bc6 13. Qb3 Qc7 14. Nb5 Qb8
15. Bf4 e5 16. Be3 O-O 17. a4 a6 18. Na3 Bxe3 19. Qxe3 Bxa4 20. b3 Bc6 21. Nc4
Nd5 22. Qd2 a5 23. Rac1 Nb4 24. Nd6 Rcd8 25. Nf5 Nc5 26. Qg5 Rxd1+ 27. Rxd1 Ne6
28. Qe3 Bxf3 29. Bxf3 Rd8 30. Rxd8+ Nxd8 31. h4 1/2-1/2

[Event "GBR-ch108 Senior 50+"]
[Site "Torquay"]
[Date "2022.08.10"]
[Round "3.5"]
[White "Kirby, Peter J"]
[Black "Mason, Donald J"]
[Result "1/2-1/2"]
[WhiteElo "2000"]
[BlackElo "2104"]
[PlyCount "64"]
[EventDate "2022.08.08"]
[EventType "swiss"]
[EventRounds "7"]
[EventCountry "GBR"]

1. Nf3 Nf6 2. c4 g6 3. Nc3 Bg7 4. e4 d6 5. d4 O-O 6. h3 e5 7. d5 a5 8. Be3 Na6
9. g4 Nc5 10. Nd2 Bd7 11. Be2 c6 12. h4 a4 13. g5 Ne8 14. b4 axb3 15. axb3 Rxa1
16. Qxa1 Nc7 17. b4 N5a6 18. Qa5 c5 19. bxc5 Nxc5 20. O-O f6 21. Qb6 Bh3 22.
Rb1 fxg5 23. hxg5 Rf4 24. Nf3 Qd7 25. Kh2 Qg4 26. Rg1 Qh5 27. Rg3 Bf1+ 28. Kg1
Bxe2 29. Nxe2 Rxf3 30. Bxc5 dxc5 31. Qxc7 Bf8 32. Qxe5 Rxg3+ 1/2-1/2

[Event "GBR-ch108 Senior 50+"]
[Site "Torquay"]
[Date "2022.08.10"]
[Round "3.6"]
[White "Brusey, Alan W"]
[Black "Fraser-Mitchell, Jeremy N"]
[Result "1/2-1/2"]
[WhiteElo "1994"]
[BlackElo "2080"]
[PlyCount "65"]
[EventDate "2022.08.08"]
[EventType "swiss"]
[EventRounds "7"]
[EventCountry "GBR"]

1. e4 e6 2. d4 d5 3. e5 c5 4. c3 Nc6 5. Nf3 Nh6 6. dxc5 Bxc5 7. b4 Bb6 8. Bxh6
gxh6 9. Qd2 Qc7 10. Bb5 Bd7 11. Bxc6 Bxc6 12. Qf4 O-O-O 13. a4 a5 14. b5 Bd7
15. O-O Kb8 16. Rc1 Rhg8 17. Nbd2 f5 18. Qxh6 Rg6 19. Qxh7 Rdg8 20. g3 f4 21.
Nd4 fxg3 22. hxg3 R8g7 23. Qh8+ Bc8 24. N2f3 Qf7 25. Qh2 Rxg3+ 26. fxg3 Qxf3
27. Qf2 Rxg3+ 28. Kf1 Qh1+ 29. Ke2 Qe4+ 30. Kf1 Qh1+ 31. Ke2 Qh5+ 32. Kf1 Qh1+
33. Ke2 1/2-1/2

[Event "GBR-ch108 Senior 50+"]
[Site "Torquay"]
[Date "2022.08.10"]
[Round "3.7"]
[White "Baer, Bruce L"]
[Black "Goater, Kevin P"]
[Result "1/2-1/2"]
[WhiteElo "1997"]
[BlackElo "2065"]
[PlyCount "63"]
[EventDate "2022.08.08"]
[EventType "swiss"]
[EventRounds "7"]
[EventCountry "GBR"]

1. g3 c6 2. Bg2 d5 3. d3 g6 4. Nd2 Bg7 5. e4 e5 6. Ngf3 Ne7 7. O-O d4 8. Nc4
Qc7 9. a4 a5 10. Bd2 b6 11. c3 Ba6 12. cxd4 Bxc4 13. dxc4 exd4 14. Bf4 Qd8 15.
e5 Nf5 16. g4 Nh4 17. Nxh4 Qxh4 18. Bg3 Qd8 19. Ra3 Ra7 20. f4 h5 21. g5 Bf8
22. Raf3 Na6 23. f5 Nb4 24. fxg6 fxg6 25. Rf6 Be7 26. Re6 d3 27. Qf3 Qd4+ 28.
Bf2 Qxc4 29. Qf6 Rh7 30. Bxb6 Kd7 31. Rxe7+ Rxe7 32. Bh3+ 1/2-1/2

[Event "GBR-ch108 Senior 50+"]
[Site "Torquay"]
[Date "2022.08.10"]
[Round "3.8"]
[White "Josse, Mark"]
[Black "Homer, Stephen J"]
[Result "1/2-1/2"]
[WhiteElo "2220"]
[BlackElo "1932"]
[PlyCount "79"]
[EventDate "2022.08.08"]
[EventType "swiss"]
[EventRounds "7"]
[EventCountry "GBR"]

1. d4 Nf6 2. Nf3 e6 3. Bf4 b6 4. Nbd2 Bb7 5. e3 d6 6. Bd3 Nh5 7. Bg3 Nd7 8. c3
g6 9. Qc2 Bg7 10. Be4 Bxe4 11. Qxe4 d5 12. Qd3 Nxg3 13. hxg3 Qe7 14. a4 c5 15.
O-O O-O 16. Rfe1 cxd4 17. exd4 Qd6 18. Re2 Qc6 19. Ne5 Nxe5 20. dxe5 Rfd8 21.
Nf3 Qc4 22. Qe3 Rac8 23. Rd2 Qe4 24. Qg5 Rd7 25. a5 bxa5 26. Rxa5 h6 27. Qh4
Rc4 28. Qxe4 Rxe4 29. Rd4 Re2 30. Rb4 g5 31. Kf1 Rc2 32. g4 Kh7 33. Ra6 Bf8 34.
Rb5 Rc7 35. Raa5 Kg6 36. Ne1 Rd2 37. Nf3 Rc2 38. Ne1 Rd2 39. Nf3 Rc2 40. Ra6
1/2-1/2

[Event "GBR-ch108 Senior 50+"]
[Site "Torquay"]
[Date "2022.08.10"]
[Round "3.11"]
[White "Bolt, Graham"]
[Black "Fegan, Chris"]
[Result "1/2-1/2"]
[WhiteElo "1951"]
[BlackElo "2025"]
[PlyCount "113"]
[EventDate "2022.08.08"]
[EventType "swiss"]
[EventRounds "7"]
[EventCountry "GBR"]

1. Nf3 c5 2. g3 Nf6 3. Bg2 g6 4. O-O Bg7 5. d4 cxd4 6. Nxd4 O-O 7. c4 a6 8. Nc3
Nc6 9. Nc2 d6 10. Rb1 Rb8 11. Bf4 Nh5 12. Bd2 Ne5 13. Ne3 b5 14. cxb5 axb5 15.
b3 Bb7 16. Bxb7 Rxb7 17. a4 bxa4 18. bxa4 Rxb1 19. Qxb1 Qd7 20. Qb5 Qh3 21. Qb7
f5 22. f4 Ng4 23. Nxg4 Qxg4 24. Qd5+ Kh8 25. Qg2 e5 26. Nd5 exf4 27. Nxf4 Re8
28. e3 g5 29. Nxh5 Qxh5 30. Qf3 Qg4 31. Qxg4 fxg4 32. a5 d5 33. Rf5 d4 34. exd4
Bxd4+ 35. Kf1 h6 36. Rd5 Rf8+ 37. Ke1 Bg1 38. Bc3+ Kg8 39. Rd2 Rc8 40. Bb4 Rc1+
41. Ke2 Bxh2 42. Rd3 Rc4 43. Be1 Ra4 44. Kf2 Ra1 45. Re3 Ra2+ 46. Kf1 Ra1 47.
Kg2 Ra2+ 48. Kh1 Kf7 49. Rb3 h5 50. Rb5 Kg6 51. Rb6+ Kf5 52. Rb5+ Kg6 53. Rb6+
Kf5 54. Rb5+ Ke4 55. Rxg5 Bxg3 56. Bxg3 Kf3 57. Bh4 1/2-1/2

[Event "GBR-ch108 Senior 50+"]
[Site "Torquay"]
[Date "2022.08.10"]
[Round "3.12"]
[White "Littlejohns, David P"]
[Black "Brown, Alan M"]
[Result "1/2-1/2"]
[WhiteElo "1943"]
[BlackElo "2013"]
[PlyCount "66"]
[EventDate "2022.08.08"]
[EventType "swiss"]
[EventRounds "7"]
[EventCountry "GBR"]

1. e4 e6 2. d4 d5 3. exd5 exd5 4. Bd3 Nc6 5. c3 Bd6 6. Nf3 Nge7 7. h3 a6 8. O-O
Bf5 9. Bg5 Bxd3 10. Qxd3 Qd7 11. Nbd2 O-O 12. Rfe1 Ng6 13. Nf1 h6 14. Bd2 Nf4
15. Bxf4 Bxf4 16. g3 Bd6 17. Kg2 Rfe8 18. Ne3 Bf8 19. Ng4 Bd6 20. Nge5 Bxe5 21.
Nxe5 Nxe5 22. dxe5 Re7 23. Rad1 Rd8 24. f4 Qe8 25. Re2 f6 26. Rde1 fxe5 27.
Rxe5 Rxe5 28. Rxe5 Qc6 29. Qd4 Qd6 30. Qe3 Kf7 31. Rf5+ Kg8 32. Re5 Kf7 33.
Rf5+ Kg8 1/2-1/2

[Event "GBR-ch108 Senior 50+"]
[Site "Torquay"]
[Date "2022.08.10"]
[Round "3.14"]
[White "Mueller, Jens"]
[Black "Bass, John W"]
[Result "1/2-1/2"]
[WhiteElo "1879"]
[BlackElo "1996"]
[PlyCount "65"]
[EventDate "2022.08.08"]
[EventType "swiss"]
[EventRounds "7"]
[EventCountry "GBR"]

1. d4 e6 2. Bf4 d5 3. e3 Nf6 4. Nd2 Bd6 5. Bg3 c5 6. c3 Nc6 7. Ngf3 O-O 8. Bd3
b6 9. e4 dxe4 10. Nxe4 Nxe4 11. Bxe4 Bb7 12. dxc5 Bxc5 13. Qa4 Qc8 14. Bxh7+
Kxh7 15. Qh4+ Kg8 16. Ng5 Re8 17. Qh7+ Kf8 18. Qh8+ Ke7 19. Qxg7 Rf8 20. O-O-O
Bd4 21. Rxd4 Nxd4 22. Qxd4 Qc5 23. Qf4 Rad8 24. Nh7 Bxg2 25. Rg1 Bd5 26. Bh4+
Kd7 27. Bxd8 Rxd8 28. Qxf7+ Kc8 29. Rg7 Qd6 30. Rg8 Qxh2 31. Rxd8+ Kxd8 32. Nf8
Qd6 33. Qf6+ 1/2-1/2

[Event "GBR-ch108 Senior 50+"]
[Site "Torquay"]
[Date "2022.08.10"]
[Round "3.15"]
[White "Ingham, H William"]
[Black "Moyse, Nigel J"]
[Result "0-1"]
[WhiteElo "1842"]
[BlackElo "1976"]
[PlyCount "116"]
[EventDate "2022.08.08"]
[EventType "swiss"]
[EventRounds "7"]
[EventCountry "GBR"]

1. d4 Nf6 2. Nf3 g6 3. Bf4 Bg7 4. e3 d6 5. Be2 Nbd7 6. O-O O-O 7. c4 c5 8. Nc3
Re8 9. Qc2 e5 10. dxe5 dxe5 11. Bg5 Qa5 12. e4 a6 13. Nd2 h6 14. Be3 Qc7 15. f3
b6 16. Rfd1 Bb7 17. Rac1 Nf8 18. Nd5 Qd8 19. Qb3 N6d7 20. a4 Ne6 21. Nf1 Nd4
22. Qd3 a5 23. Ng3 Nf8 24. Bxd4 exd4 25. f4 Ne6 26. Rf1 Nf8 27. f5 Bxd5 28.
cxd5 Nd7 29. Qb5 Ne5 30. fxg6 fxg6 31. Bd3 Qg5 32. Rce1 Rf8 33. d6 Rxf1+ 34.
Bxf1 Qd8 35. Ne2 Qxd6 36. Nf4 Nd7 37. Nd5 Be5 38. h3 Kg7 39. Bd3 Rf8 40. Rf1
Rxf1+ 41. Bxf1 Bg3 42. Qd3 Bh4 43. Qb5 Bd8 44. Qe2 Ne5 45. Qb5 Nf7 46. Qd3 Qe5
47. Qc2 Ng5 48. Bd3 Qg3 49. Kf1 Nf7 50. Bb5 Ne5 51. Qf2 Qxf2+ 52. Kxf2 Kf7 53.
Nf4 c4 54. Ne2 d3 55. Nc3 Be7 56. Nd5 Bc5+ 57. Ke1 Bd4 58. Kd2 Bxb2 0-1

[Event "GBR-ch108 Senior 50+"]
[Site "Torquay"]
[Date "2022.08.10"]
[Round "3.16"]
[White "Patrick, David A"]
[Black "Handley, Michael R"]
[Result "1/2-1/2"]
[WhiteElo "1803"]
[BlackElo "1975"]
[PlyCount "48"]
[EventDate "2022.08.08"]
[EventType "swiss"]
[EventRounds "7"]
[EventCountry "GBR"]

1. e4 e6 2. d4 d5 3. exd5 exd5 4. Bd3 Nc6 5. c3 Bd6 6. Nf3 Nge7 7. O-O Bg4 8.
Re1 Qd7 9. b4 f6 10. Nbd2 O-O 11. Qc2 Bf5 12. Nb3 b6 13. a4 a6 14. Bd2 Bxd3 15.
Qxd3 Qf5 16. Qxf5 Nxf5 17. g3 Kf7 18. Kf1 h5 19. h4 Nce7 20. a5 b5 21. Nc1 Ng6
22. Kg2 Rfe8 23. Nd3 Re4 24. Ng1 Nfe7 1/2-1/2

[Event "GBR-ch108 Senior 50+"]
[Site "Torquay"]
[Date "2022.08.10"]
[Round "3.17"]
[White "Shepley, Julien M"]
[Black "Reuben, Stewart"]
[Result "1/2-1/2"]
[WhiteElo "1857"]
[BlackElo "1946"]
[PlyCount "36"]
[EventDate "2022.08.08"]
[EventType "swiss"]
[EventRounds "7"]
[EventCountry "GBR"]

1. e4 c5 2. Nc3 Nc6 3. Bb5 g6 4. Bxc6 dxc6 5. f4 Bg7 6. Nf3 Nf6 7. O-O O-O 8.
d3 Qc7 9. Qe1 Be6 10. Qh4 h6 11. f5 g5 12. Nxg5 hxg5 13. Bxg5 Bd7 14. Rf3 Qe5
15. Bf4 Qd4+ 16. Be3 Qe5 17. Bf4 Qd4+ 18. Be3 Qe5 1/2-1/2

[Event "GBR-ch108 Senior 50+"]
[Site "Torquay"]
[Date "2022.08.10"]
[Round "3.18"]
[White "Barton, R Alan"]
[Black "Miller, George I"]
[Result "0-1"]
[WhiteElo "1926"]
[BlackElo "1768"]
[PlyCount "96"]
[EventDate "2022.08.08"]
[EventType "swiss"]
[EventRounds "7"]
[EventCountry "GBR"]

1. d4 d5 2. Nf3 Nf6 3. e3 Bf5 4. c4 e6 5. Nc3 c6 6. cxd5 exd5 7. Bd3 Bxd3 8.
Qxd3 Bd6 9. Ne5 Nbd7 10. f4 Qe7 11. Bd2 h5 12. O-O-O h4 13. Kb1 Bb4 14. Rhf1
Bxc3 15. Bxc3 Ne4 16. Be1 O-O-O 17. Rc1 Nxe5 18. fxe5 Rdf8 19. a3 Qe6 20. Rc2
f6 21. exf6 Rxf6 22. Rxf6 Qxf6 23. Qe2 Qf5 24. Qf3 Qg6 25. h3 Kd7 26. Qf4 Qf6
27. Qxf6 gxf6 28. Kc1 Ke6 29. Kd1 Kf5 30. Ke2 Rg8 31. Kd3 Kg5 32. b4 a6 33. a4
Ra8 34. Rb2 b5 35. Ra2 Nd6 36. axb5 cxb5 37. Rc2 Nc4 38. Re2 f5 39. g3 hxg3 40.
Bxg3 a5 41. h4+ Kg4 42. Be1 axb4 43. Rg2+ Kh3 44. Rg3+ Kh2 45. h5 b3 46. Rf3 b2
47. Kc2 Ra1 48. Bg3+ Kg2 0-1

[Event "GBR-ch108 Senior 50+"]
[Site "Torquay"]
[Date "2022.08.10"]
[Round "3.19"]
[White "Kenning, Paul H"]
[Black "Winter, Kevin"]
[Result "0-1"]
[WhiteElo "1772"]
[BlackElo "1689"]
[PlyCount "34"]
[EventDate "2022.08.08"]
[EventType "swiss"]
[EventRounds "7"]
[EventCountry "GBR"]

1. e4 d6 2. d4 Nf6 3. Nc3 Nbd7 4. Nf3 e5 5. Rg1 c6 6. g4 h6 7. Be3 b5 8. a3 Qc7
9. d5 a6 10. dxc6 Qxc6 11. Nd2 Bb7 12. Qe2 Qc7 13. O-O-O Rc8 14. f3 d5 15. exd5
Nxd5 16. Ndb1 Nxe3 17. Qxe3 Bc5 0-1